Ranking PDC - Statystyki

Ogólne statystyki
  • Ten quiz został rozwiązany 10 razy
  • Średni wynik to 14 z 32
Statystyki odpowiedzi
Odpowiedź % Poprawnych
1. Littler
100%
28. Ratajski
100%
6. Anderson
88%
7. Bunting
88%
12. Price
88%
4. van Gerwen
88%
5. Clayton
75%
3. van Veen
75%
2. Humphries
63%
32. Michael Smith
63%
16. Ross Smith
63%
31. Wright
63%
14. Aspinall
50%
9. Rock
50%
15. Schindler
50%
8. Searle
50%
20. Cross
38%
21. Woodhouse
38%
10. Noppert
38%
11. Wade
38%
23. Gurney
25%
24. Joyce
25%
25. Van den Bergh
25%
22. Chisnall
13%
13. Dobey
13%
17. Heta
13%
30. van Duijvenbode
13%
19. De Decker
0%
27. Edhouse
0%
26. Menzies
0%
29. Nijman
0%
18. Wattimena
0%
Nie znaleziono quizów pasujących do podanych kryteriów
Rozkład punktacji
Procent ludzi z każdym wynikiem
Percentyl według liczby udzielonych odpowiedzi
Twoja historia wyników
Nie rozwiązałeś tego quizu